00374nam a2200133Ia 4500008004100000020001500041041001200056082001600068100001700084245007000101260004000171300000800211650002100219221030s9999 xx 000 0 und d a0078821800 aEnglish a105.23bMul aR. J. Muller 0aOracle Developer/ 2000 Handbook ( DEPARTMENTAL )cby R. J. Muller bMcGraw - Hill Pub.aNew Delhic1996 a446 aCSE Departmental